| 000 | 00799nam0a22002531 4500 | ||
|---|---|---|---|
| 001 | RU\NLR\INFOCOMM_116\5000069921 | ||
| 005 | 20250613093005.0 | ||
| 035 | _a(NLR Aleph) 009188549 | ||
| 090 |
_a8615971 _c8615971 |
||
| 100 | _a20100329d1960 |||y0rusy50 ca | ||
| 101 | 0 | _apol | |
| 102 | _aRU | ||
| 105 | _aa ||||000|y | ||
| 200 | 1 |
_a[Przewodnik] _fCentralne muzeum W. Lenina |
|
| 210 |
_aΜ. _cWyd-wo lit. w językach obcych _d1960 |
||
| 215 |
_a[82] с. _cил. _d20 см |
||
| 300 | _aНа последней с. текста: Центральный музей В. И. Ленина | ||
| 686 |
_aМ-Л370 _2rubbk |
||
| 710 | 0 | 2 |
_aCentralne muzeum W. Lenina _cMoskwa _4070 |
| 801 | 1 |
_aRU _bNLR _c20100329 |
|
| 801 | 0 |
_aRU _bNLR _gPSBO |
|
| 852 |
_aNLR _jСл Пол-2/2571 |
||
| 942 | _cBOOK | ||
| 980 | _aNB | ||